Firm footings (Record no. 83021)
[ view plain ]
| 000 -LEADER | |
|---|---|
| fixed length control field | 00807cab a22001815a 4500 |
| 001 - CONTROL NUMBER | |
| control field | L152603 |
| 008 - FIXED-LENGTH DATA ELEMENTS--GENERAL INFORMATION | |
| fixed length control field | 110331e20110305xxk 000 0 eng d |
| 035 ## - SYSTEM CONTROL NUMBER | |
| System control number | (Sirsi) u152603 |
| 041 0# - LANGUAGE CODE | |
| Language code of text/sound track or separate title | eng |
| 100 1# - MAIN ENTRY--PERSONAL NAME | |
| Personal name | North, David |
| 245 00 - TITLE STATEMENT | |
| Title | Firm footings |
| 490 ## - SERIES STATEMENT | |
| Series statement | Estates Gazette |
| Volume/sequential designation | (1109) 5 March 2011, 154-156(3) |
| 520 ## - SUMMARY, ETC. | |
| Summary, etc. | Examines the student accommodation market which has seen impressive rental growth and investment over the last two years. Further looks at possible solutions to problems of the lack of funding from the banks in this sector which includes obtaining funding from cash rich investors who are getting lower returns from other areas. |
| 590 ## - LOCAL NOTE (RLIN) | |
| Local note | KA |
| 651 #4 - SUBJECT ADDED ENTRY--GEOGRAPHIC NAME | |
| Geographic name | United Kingdom |
| 690 ## - LOCAL SUBJECT ADDED ENTRY--TOPICAL TERM (OCLC, RLIN) | |
| Topical term or geographic name as entry element | PROPERTY-RESIDENTIAL PROPERTY-RESIDENTIAL PROPERTY FINANCE AND INVESTMENT |
| 942 ## - ADDED ENTRY ELEMENTS (KOHA) | |
| Suppress in OPAC | 0 |
| Withdrawn status | Lost status | Source of classification or shelving scheme | Damaged status | Not for loan | Home library | Current library | Shelving location | Date acquired | Total Checkouts | Full call number | Barcode | Date last seen | Copy number | Price effective from | Koha item type |
|---|---|---|---|---|---|---|---|---|---|---|---|---|---|---|---|
| Dewey Decimal Classification | London | London | Journal article | 31/03/2011 | L152603 | 152603-1001 | 06/08/2019 | 1 | 06/08/2019 | Journal article |